Quizzes
Events
Quiz Creation
Community
Videos
Private Events
Remove Ads
Sign In
Join for FREE
Feedback
Dark Mode
Quiz Categories
Sports
Geography
Music
Movies
Television
Just For Fun
Miscellaneous
History
Literature
Language
Science
Gaming
Entertainment
Religion
Holiday
For Kids
Quiz Lab
Recent
Popular Today
Quiz Kudos Today
Editor Picks
Curator Picks
Quizzes by...
Day
Popularity
Type
Ratings
Length
Year
Community
Subscriptions
Recent Discussions
Orange Saloon
Badges
Playlists
Quests
Create
Leaderboards
Showdown
Live 5
Trivia Bingo
Activity
Puzzle Library
Sporcle Events
Private Events
Virtual Trivia
Globe League
Become a Host
Pub Owners
SporcleCon
Opinionation
Our Games
Videos
Blog
Mobile Apps
Partnerships
Remove Ads and Go Orange
Feedback
History
US Presidents
World Leaders
Politics
Nation
Discovery
War
Decade
Year
Century
Biography
Art
History
US Presidents
World Leaders
Politics
Nation
Discovery
War
Decade
Year
Century
Biography
Art
Random Quiz
Search Sporcle
×
Quiz Lab
Quiz Lab
History
World
Select answers by clicking on text or image buttons
Select answers by clicking on text or image buttons
Clickable
Best Score? Go Orange.
Book of 120 Kings Stats
Match the 120 leaders of men to their respective place and age.
By
sashimi
20m
120 Questions
79 Plays
79 Plays
79 Plays
Comments
Comments
Give Quiz Kudos
Give Quiz Kudos
-
- Ratings
hide this ad
Forced Order
Answers have to be entered in order
Answers have to be entered in order
Replay
Link that replays current quiz
Next Quiz
Link to next quiz in quiz playlist
You Got
0%
They Got
Avg Score
33%
Avg Friend Score
Upgrade to see
Score Distribution
Jump to the score distribution portion of the page
Score
0/120
Timer
20:00
0
Plays Today
% Correct
Alexander the Great
68.4%
Tutankhamun
62%
Caligula
60.8%
Nero
58.2%
Genghis Khan
58.2%
Ramesses II
57%
Nefertiti
57%
Augustus
55.7%
Darius I the Great
51.9%
Kublai Khan
51.9%
Charlemagne
50.6%
Elizabeth II
50.6%
Cyrus the Great
49.4%
Justininan I
49.4%
Ivan the Terrible
49.4%
Trajan
48.1%
Napoleon Bonaparte
48.1%
Khufu
46.8%
Hatshepsut
46.8%
Marcus Aurelius
46.8%
Moctezuma II
46.8%
Xerxes I the Great
45.6%
Nebuchadnezzar II
45.6%
Lorenzo the Magnificient
45.6%
Peter the Great
45.6%
Catherine the Great
45.6%
Thutmose III
44.3%
Vlad II Dracul
44.3%
Möngke Khan
44.3%
Nicholas II
44.3%
Snefru
43%
Vespasian
43%
Tokugawa Ieyasu
43%
Hammurabi
41.8%
Isabella I
41.8%
Louis XIV
41.8%
William the Conqueror
41.8%
Vlad III Tepes
40.5%
Abu Bakr
40.5%
Khafre
39.2%
% Correct
Enrico Dandolo
39.2%
Suleiman the Magnificient
39.2%
Ferdinand II
39.2%
William III of Orange
39.2%
Phillip II
38%
Pius III
38%
Pepin the Short
36.7%
Leo X
36.7%
Richard the Lionheart
36.7%
Cambyses II
35.4%
Sargon
35.4%
Mehmed the Conqueror
35.4%
Atahualpa
35.4%
Vittorio Emanuele II
35.4%
Julius II
34.2%
Ashurbanipal
32.9%
Osman I Gazi
32.9%
Tang Shang
31.6%
Ptolemy I Soter
31.6%
Francesco Foscari
31.6%
Shah Jahan
31.6%
Umberto I
31.6%
Minamoto Yoritomo
30.4%
Marco Barbarigo
30.4%
Akbar
30.4%
Sixtus IV
30.4%
Selim I
30.4%
Charles VIII
30.4%
Qianlong
30.4%
Julian
29.1%
Musa I
29.1%
Bayezid II
29.1%
Cixi
29.1%
Cosimo I
27.8%
Alexander VI
27.8%
Abdülmecid I
27.8%
Murad II
27.8%
Kangxi
27.8%
Fujiwara Yoritsune
26.6%
Giovanni di Bicci
26.6%
% Correct
Al-Amin
26.6%
Al-Mansur
26.6%
Babur
26.6%
Djedefra
25.3%
Liu Bang
25.3%
Pietro II Orseolo
25.3%
Umar
25.3%
Jahangir
25.3%
Antipater
24.1%
Liu Xiu
24.1%
Harun al-Rashid
24.1%
Charles I of Habsburg
24.1%
Cuauhtémoc
24.1%
Pietro Ziani
22.8%
Ali
22.8%
Leo of Thrace
21.5%
Basil the Macedonian
21.5%
Huáscar
21.5%
Naram-Sin
20.3%
Abdul Rahman I
20.3%
Yongzheng
20.3%
Uthman ibn Affan
19%
Aurangzeb
19%
Henry IV
19%
Nabonidus
17.7%
King Zhou
16.5%
Ariq Böke
16.5%
Humayun
16.5%
Shalmaneser V
15.2%
Hidetada
15.2%
Joseph Bonaparte
15.2%
Yoshinobu
13.9%
Sundiata Keita
12.7%
Titus
11.4%
Dudu
10.1%
Henry Tudor
10.1%
Yazid I
8.9%
Raden Wijaya
8.9%
Hayam Wuruk
5.1%
Morikuni
3.8%
Quiz Playlist
Details
Report
Send in Message
Add To Playlist
Clickable:
Select answers by clicking on text or image buttons
Forced Order:
Answers have to be entered in order
Last Updated: May 12, 2018
Quiz Scoreboard
CHALLENGE
Sign Up to Join the Scoreboard
Show All
Scores
Hide
Comments
May contain spoilers
Recently Published
College Basketball Coaching Resumes
by pancakes188
Sports
9m
Billboard Blitz: Fleetwood Mac
by CooCooCachoo
Music
15s
Presidents Visiting Landmarks
by Hejman
History
7m
More to Explore
Quiz From the Vault
Featured Blog Post
Where Did the Easter Bunny Come From?
hide this ad
You Might Also Like...
Tags
World Quiz
Ancient History
AP History
Emperor
History Evolution
King
Medieval History
World History
Today's Top Quizzes in History
Browse History
hide this ad
Today's Top Quizzes in World
Browse World
Top Contributed Quizzes in History
1
Popular People in 1991
2
Popular People in 1981
3
Popular People in 1951
4
Popular People in 1941
5
Popular People in 1986
6
Popular People in 1976
7
Popular People in 1921
8
5-to-1: 20th Century Images of War
9
I Am Born On March 28th
10
Popular People in 1946
Explore More
Trending Topics
Anime
NBA
Disney
Harry Potter
Kpop
Crossword
Marvel
Soccer
NFL
Song
Country
Pokémon
Puzzle
The Office
WWE
hide this ad
More By:
sashimi
Quiz
Plays
Rating
Category
Featured
Created
Elden Ring Bosses
7,072
3.67
Gaming
Mar 6, 2022
Forsen's Twitch Chat
4,714
5.00
Entertainment
Jul 2, 2018
Old League of Legends Items
3,649
4.50
Gaming
Aug 6, 2022
K-pop Albums Picture Click (2017)
3,620
4.36
Music
Jan 20, 2019
Arknights Operators Grab Bag
1,750
2.33
Gaming
Jul 25, 2019
Go to Creator's Profile
Score Distribution
Quiz Creator Spotlight
sashimi
Follow
Send a Message
Quizzes Created
-
Created Quiz Play Count
-
More By This Creator
Popular Quizzes Today
1
Find the US States - No Outlines Minefield
2
Find the Countries of Europe - No Outlines Minefield
3
The Countries of the World
4
Find the US States
5
Risky Map Clicking: Biggest States A-Z
6
US States
7
Popular People in 1961
8
Movies - When Are They Set?
More History Quizzes
On This Day: December 15th II
Published
Trending Quizzes
Risky Map Clicking: Least Populous States A-Z
1-10 Letter G Words
1-10 Letter F Words
Risky Map Clicking: Next State Alphabetically
Adjectives in 80s TV Shows
Recently Updated
Leaping Animals
pecheneg
Reality TV Shows (A-Z)
bhenderson79
Rickey Henderson's Hall of Fame Teammates
pecheneg
Champions League XIs: Arsenal
pecheneg
Quick Pick: Celebrities in WWE's Hall of Fame
aduchscher
A-Z Keypad Blitz II
pecheneg
Multiple Oscar Actors
pecheneg
Mystery Phrase Blitz: Oscar 'Best Actors'
pecheneg
F. Scott Fitzgerald Novels
LTH
Pick 3 Villains
ddd62291
Trending Topics
Crossword
Marvel
NBA
Disney
Anime
Harry Potter
Kpop
Song
Soccer
WWE
Puzzle
The Office
Country
Pokémon
NFL
Your Account Isn't Verified!
In order to create a playlist on Sporcle, you need to verify the email address you used during registration. Go to your
Sporcle Settings
to finish the process.
Report this User
Report this user for behavior that violates our
Community Guidelines
.
Details:
Send Report
Go to the Sporcle.com Mobile Site →
Comments